• 首页
  • 本馆介绍
  • 公告通知
  • 最新文献
  • 馆藏检索
  • 电子资源
  • 读者导购
  • 参考咨询
  • 我的图书馆
  • 登录
  • 详细信息显示
  • 放入我的书架
  • 预约/预借图书
  • 作者相关作品
  • 分类相关作品
  • 丛书相关作品
  • 出版社相关作品

书目信息

  • 表格格式
  • 工作单格式
  • 卡片格式
题名:
金属学原理
    
 
作者: ;北京科技大学 余永宁 编
分册:  
出版信息: 北京   冶金工业出版社  2000
页数: 541页
开本: 26cm
丛书名:
单 册:
中图分类: TG11
科图分类:
主题词: 金属学 , 物理冶金学
电子资源:
ISBN: 7-5024-2330-3
000 00652nam0 2200217 450
001 0633022432
005 20061009091153.87
010    @a7-5024-2330-3@dCNY53.00
100    @a20061009d2000 km y0chiy0120 ea
101 0  @achi
102    @aCN@b110000
200 1  @a金属学原理@Ajin shu xue yuan li@f北京科技大学 余永宁 编@Fbei jing ke ji da xue yu yong ning bian
210    @a北京@c冶金工业出版社@d2000
215    @a541页@d26cm
300    @a高等学校教学用书
606 0  @a金属学
606 0  @a物理冶金学
690    @aTG11@v3
711  0 @a北京科技大学 余永宁@Abei jing ke ji da xue yu yong ning@4编
801  0 @aCN@bPFT@c20061009
905    @a10447@dTG11@e39
    
    金属学原理/北京科技大学 余永宁 编.-北京:冶金工业出版社,2000
    541页;26cm
    高等学校教学用书
    
    ISBN 7-5024-2330-3:CNY53.00
    
●
相关链接 在E读中查询图书 在五车中查询图书 在当当中查询图书 在豆瓣中查询图书


正题名:金属学原理     索取号:TG11/39         预约/预借

序号 登录号 条形码 馆藏地/架位号 状态 备注
1 0494266   204942660   密集书库/ [索取号:TG11/39] 在馆    
2 0494267   204942679   密集书库/ [索取号:TG11/39] 在馆    
唐山师范学院图书馆 欢迎您!
大连网信软件有限公司© 版权所有